Dirección y entrenamiento de equipos de fútbol

Saved in:
Bibliographic Details
Main Author: Cook, Malcolm (Author)
Format: Book
Language:Spanish
Published: Barcelona Paidotribo 2001
Series:Colección Deporte
Subjects:
Tags: Add Tag
No Tags, Be the first to tag this record!

MARC

LEADER 00000nam a2200000 a 4500
001 UCN2858
003 CL-VaPUC
008 010608e20010000SP |||||||||||||||||spa|d
082 0 4 |a 796.334077  |b COO  |2 21 
100 0 |a Cook, Malcolm  |e author  |9 459071 
245 1 0 |a Dirección y entrenamiento de equipos de fútbol 
300 |a 179 p 
942 |c BK 
945 |d 20010608 00:00:00  |a cmena 
260 |a Barcelona  |b Paidotribo  |c 2001 
650 0 |a Fútbol  |9 307513 
650 7 |a ENTRENAMIENTO ATLETICO  |2 CL-VaPUC  |9 459072 
650 7 |a EQUIPOS DE FUTBOL  |2 CL-VaPUC  |9 458180 
650 7 |a ENTRENADORES DE FUTBOL  |2 CL-VaPUC  |9 459073 
650 0 |a Relaciones interpersonales  |9 307056 
583 |a last modification  |c 20010608 00:00:00  |k Rodrigo Vera 
490 0 |a Colección Deporte 
999 |c 295878  |d 295876 
952 |0 0  |1 0  |4 0  |6 796_334077000000000_COO_2001  |7 0  |8 A  |9 349297  |a BIBEDU  |b BIBEDU  |d 2019-11-20  |i 3722880  |o 796.334077 COO 2001  |p 3722880  |r 2019-11-20  |w 2019-11-20  |y BK  |k EFI 
952 |0 0  |1 0  |4 0  |6 796_334077000000000_COO_2001  |7 0  |8 A  |9 349298  |a BIBEDU  |b BIBEDU  |d 2019-11-20  |i 3753344  |o 796.334077 COO 2001  |p 3753344  |r 2019-11-20  |w 2019-11-20  |y BK  |k EFI